Дело по высочайше утвержденному положению Комитета министров о назначении попечителя от Московской дворянской опеки к имениям вд...

Доступно только в Электронных читальных залах Найти на картеНа карте
RUSMARC
00003760nmc2a22000003x 450
0015fdb68f8-e84e-4e74-9320-232a6bc12c81
00520210311121911.0
100##$a20181127l18671867k l0rusy0189 ca
1010#$arus
102##$aRU
2001#$aДело по высочайше утвержденному положению Комитета министров о назначении попечителя от Московской дворянской опеки к имениям вдовы подполковника Вадковской
$j15 июня - 8 октября 1867 г.
251##$cДело
300##$aДело
801#0$aRU
$bРГИА
$c20181127
$gRCR
801#1$aRU
$bГлавНИВЦ
$c20181127
$2rusmarc
801#2$aRU
$bПБ им. Б.Н. Ельцина
$c20210311
$gRCR
$2rusmarc
850##$aРГИА
852##$aРГИА
$eФедеральное казенное учреждение "Российский государственный исторический архив" (РГИА)
$j332
937##$hРГИА
$d12294146
$aASBIBLIO_SCAN
462#0$100191353b96-cc3d-4f24-9eeb-3bfef1665a95
$12001
$aДела Департамента полиции исполнительной МВД за 1867 год
$1251
$cОпись
$1852
$j28
$l1867 г.
461#0$10013e300ed0-cd39-49af-8489-5ba5b90fa401
$12001
$aДепартамент полиции исполнительной МВД
$1251
$cФонд
$1852
$j1286
215##$a25 л.
$d36,5х26 см
371##$aДокумент не является опубликованным и широко распространяемым
105##$ay###
1222#$ad
035##$a5fdb68f8-e84e-4e74-9320-232a6bc12c81
856##$uhttp://readingroom.main.prlib.ru/item.aspx?id_node=n158449834&mode=full
Формат отображения